000 00921nam0a22002411 4500
001 rc\1054188
005 20260406122104.0
035 _a(NLR Aleph) 006215430
090 _a6413025
_c6413025
100 _a20041129d1980 |||y0rusy50 ca
101 0 _arus
102 _aRU
105 _ay |||||||||
200 1 _aВсесоюзное совещание идеологических работников и задачи Научного совета
_e(Стеногр. пленар. заседания от 21 ноября 1979 г.)
210 _aМ.
_cБ. и.
_d1980
215 _a47 с.
_d20
333 _aДСП. Экз. № 4
710 0 2 _aАН СССР
_bНаучный совет по проблемам зарубежных идеологических течений
_3RU\NLR\AUTH\8814747
_9302816
801 0 _aRU
_bNLR
_gpsbo
801 1 _aRU
_bELAR
_2rusmarc
852 _aNLR
_j80-50К/1470
942 _cBOOK
980 _aNB